000 01251nam a2200325 c 4500
003 BLK
005 20231016115012.0
008 180411b bul|||||r ||||||| ||bul||
010 _aKNG00214701000
020 _a978-954-92303-3-8
_bиздат.: Зенит ТВ продукции
040 _aBLK
041 _aBUL
_cBUL
072 7 _2bullib
_aН84
_xБългарска художествена литература Н
072 7 _2bullib
_aРА
_xРусенски автори
080 _aБългарска литература
_b821.163.2
_x-94
_z821.163.2-94
100 1 _aАнгелова, Миглена Милкова
_eпърви автор
_9372560
139 _aАнгелова, Миглена Милкова
_bА 64
245 1 0 _aИскрено и лично за Големия VIP Брат
_cМиглена Милкова Ангелова.
257 _aBGR
260 София
_bЗенит ТВ продукции
_c2017
300 _a192 с.
_c19 см
380 _aX
659 _aН
852 _aЦб 288405
856 4 _qpdf
_u
856 4 _qpdf
_u
942 _cKNG
_n0
_029
944 _aCR
_c28.11.2017
_lМартин Енчев
_k30575
944 _aED
_c05.12.2017
_lф /
_kЛюдмила_Стоянова
999 _c205100
_d205100